000 00504nam a2200217Ia 4500
003 0100
008 130227s9999 xx 000 0 und d
040 _cARRUPELIB
050 _aB4377.D184
100 _aDaniel, David Mills
245 _aKierkegaard's fear and trembling
260 _aLondon
260 _bSCM Press
260 _C2007
300 _aviii
300 _b 95p. 20cm.
650 _bPiaget, Jean, 1896-
650 _cCognition
650 _dKnowledge, Theory of
942 _2lcc
_02
999 _c5863
_d5863